| 000 | 00659nam a2200241Ia 4500 | ||
|---|---|---|---|
| 005 | 20260121111854.0 | ||
| 008 | 1508 260114s9999 xx 000 0 eng d | ||
| 020 | _a9789812386328 | ||
| 037 | _aEBOOK | ||
| 040 |
_aCRL _beng _cCRL |
||
| 041 |
_aeng _2eng |
||
| 084 | _qCRL | ||
| 100 |
_aEzawa Zyun Francis _9948639 |
||
| 245 | 0 | _aQuantum Hall Effects: Field Theoretical Approach and Related Topics | |
| 260 | _bWorld Scientific | ||
| 260 | _bWSPC | ||
| 260 | _c2000 | ||
| 650 |
_aPhysics _9948640 |
||
| 856 | _uhttps://www.worldscientific.com/worldscibooks/10.1142/3753#t=toc | ||
| 942 | _cEBOOK | ||
| 999 |
_c1538808 _d1538808 |
||